01000nam a2200265 a 450000100100000000500170001000800410002702000150006804100080008304300120009124500820010325000110018526000410019630000110023749000250024850001500027365000520042365000580047565000560053365000250058965000270061465000270064165000280066870000380069600005297120200120222745.0130213s1999 ck gr 000 p spa d a95896616020 aspa as-ck---00aNuevas voces de fin de siglo /cselección y pólogo de Juan Revelo Revelo. a1a ed. aBogotá :bEpsilon Editores,c1999. a366 p.0 aPoesía Colombiana. aEj. 1 de Biblioparque Funza: colección proveniente de la Antigua Biblioteca Municipal de Funza, Centro Cultural Bacatá, Funza (Cundinamarca).27aPoesía adultovColecciones de escritos.2LEMB27aLiteratura colombianavColecciones de escritos.2LEMB27aPoesía colombianaxColecciones de escritos.2LEMB24aAmor en la poesía.24aFamilia en la poesía24aPatria en la poesía.24aSoledad en la poesía.1 aRevelo Revelo, Juan,eCompilador.